Statystyki dla Czy znasz wszystkie polskie drużyny piłkarskie?

Kliknij tutaj aby rozwiązać quiz!

Ogólne statystyki

  • Ten quiz został rozwiązany 1 024 razy
  • Średni wynik to 29 z 124

Statystyki odpowiedzi

LigaDrużyna% Poprawnych
EkstraklasaLegia Warszawa
96%
EkstraklasaLech Poznań
93%
EkstraklasaWisła Kraków
79%
EkstraklasaLechia Gdańsk
77%
EkstraklasaPogoń Szczecin
76%
EkstraklasaArka Gdynia
73%
EkstraklasaCracovia
72%
EkstraklasaRaków Częstochowa
72%
EkstraklasaŚląsk Wrocław
69%
EkstraklasaGórnik Zabrze
67%
EkstraklasaJagiellonia Białystok
67%
EkstraklasaPiast Gliwice
67%
EkstraklasaŁKS Łódź
66%
2 LigaWidzew Łódź
66%
EkstraklasaWisła Płock
64%
EkstraklasaZagłębie Lubin
64%
EkstraklasaKorona Kielce
63%
3 Liga Grupa 3Ruch Chorzów
62%
3 Liga Grupa 1Polonia Warszawa
57%
1 LigaMiedź Legnica
56%
1 LigaWarta Poznań
54%
1 LigaZagłębie Sosnowiec
54%
2 LigaGKS Katowice
53%
1 LigaStal Mielec
49%
1 LigaRadomiak Radom
47%
2 LigaGórnik Łęczna
42%
3 Liga Grupa 4Motor Lublin
42%
1 LigaPodbeskidzie Bielsko-Biała
41%
1 LigaOdra Opole
40%
1 LigaGKS Tychy
39%
1 LigaGKS Bełchatów
38%
2 LigaResovia
38%
1 LigaSandecja Nowy Sącz
38%
1 LigaStomil Olsztyn
37%
3 Liga Grupa 4Stal Rzeszów
35%
2 LigaElana Toruń
34%
1 LigaWigry Suwałki
33%
2 LigaGarbarnia Kraków
31%
1 LigaPuszcza Niepołomice
30%
1 LigaChojniczanka
29%
1 LigaOlimpia Grudziądz
28%
1 LigaTermalica Bruk Bet Nieciecza
28%
2 LigaZnicz Pruszków
28%
1 LigaChrobry Głogów
27%
3 Liga Grupa 4Hutnik Kraków
26%
2 LigaOlimpia Elbląg
25%
2 LigaPogoń Siedlce
23%
1 LigaGKS Jastrzębie
22%
3 Liga Grupa 2Kotwica Kołobrzeg
21%
2 LigaStal Stalowa Wola
21%
3 Liga Grupa 3Siarka Tarnobrzeg
20%
2 LigaSkra Częstochowa
20%
2 LigaBłękitni Stargard
18%
2 LigaBytovia Bytów
18%
3 Liga Grupa 2KKS Kalisz
17%
3 Liga Grupa 3Rozwój Katowice
16%
3 Liga Grupa 4Wisła Puławy
16%
3 Liga Grupa 3ROW Rybnik
15%
3 Liga Grupa 3Górnik Polkowice
14%
2 LigaGryf Wejherowo
14%
3 Liga Grupa 2Lech II Poznań
13%
3 Liga Grupa 4Wisła Sandomierz
12%
3 Liga Grupa 1Legia II Warszawa
11%
3 Liga Grupa 2Bałtyk Gdynia
10%
3 Liga Grupa 4KSZO Ostrowiec Świętokrzyski
10%
3 Liga Grupa 1Legionovia Legionowo
10%
3 Liga Grupa 3Ślęza Wrocław
10%
3 Liga Grupa 1Świt Nowy Dwór Mazowiecki
9%
3 Liga Grupa 4Avia Świdnik
8%
3 Liga Grupa 2Gwardia Koszalin
8%
3 Liga Grupa 3MKS Kluczbork
8%
3 Liga Grupa 3Ruch Radzionków
8%
3 Liga Grupa 1Sokół Ostróda
8%
3 Liga Grupa 1Broń Radom
7%
3 Liga Grupa 1ŁKS Łomża
7%
3 Liga Grupa 1Olimpia Zambrów
7%
3 Liga Grupa 1Pelikan Łowicz
7%
3 Liga Grupa 4Podhale Nowy Targ
7%
3 Liga Grupa 2Radunia Stężyca
7%
3 Liga Grupa 4Chełmianka Chełm
6%
3 Liga Grupa 2Polonia Środa Wielkopolska
6%
3 Liga Grupa 2Bałtyk Koszalin
5%
3 Liga Grupa 2Górnik Konin
5%
3 Liga Grupa 2Jarota Jarocin
5%
3 Liga Grupa 1Lechia Tomaszów Mazowiecki
5%
3 Liga Grupa 2Mieszko Gniezno
5%
3 Liga Grupa 2Pogoń II Szczecin
5%
3 Liga Grupa 1Sokół Aleksandrów Łódzki
5%
3 Liga Grupa 1Unia Skierniewice
5%
3 Liga Grupa 1Ursus Warszawa
5%
3 Liga Grupa 3Zagłębie II Lubin
5%
3 Liga Grupa 2Chemik Bydgoszcz
4%
3 Liga Grupa 3Górnik II Zabrze
4%
3 Liga Grupa 3Gwarek Tarnowskie Góry
4%
3 Liga Grupa 1Huragan Morąg
4%
3 Liga Grupa 3Rekord Bielsko-Biała
4%
3 Liga Grupa 3Stilon Gorzów Wielkopolski
4%
3 Liga Grupa 3FotoHigiena Gać
3%
3 Liga Grupa 3Lechia Dzierżoniów
3%
3 Liga Grupa 4Orlęta Radzyń Podlaski
3%
3 Liga Grupa 3Piast Żmigród
3%
3 Liga Grupa 3Ruch Zdzieszowice
3%
3 Liga Grupa 2Sokół Kleczew
3%
3 Liga Grupa 3Stal Brzeg
3%
3 Liga Grupa 4Stal Kraśnik
3%
3 Liga Grupa 4Czarni Połaniec
2%
3 Liga Grupa 1Mazur Ełk
2%
3 Liga Grupa 3Miedź II Legnica
2%
3 Liga Grupa 3Pniówek Pawłowice Śląskie
2%
3 Liga Grupa 4Podlasie Biała Podlaska
2%
3 Liga Grupa 1Ruch Wysokie Mazowieckie
2%
3 Liga Grupa 4Sokół Sieniawa
2%
3 Liga Grupa 4Soła Oświęcim
2%
3 Liga Grupa 4Spartakus Daleszyce
2%
3 Liga Grupa 2Świt Szczecin
2%
3 Liga Grupa 1Victoria Sulejówek
2%
3 Liga Grupa 3Warta Gorzów Wielkopolski
2%
3 Liga Grupa 4Wólczanka Wólka
2%
3 Liga Grupa 1Znicz Biała Piska
2%
3 Liga Grupa 3Agroplon Głuszyna
1%
3 Liga Grupa 2KP Starogard Gdański
1%
3 Liga Grupa 2Wierzyca Pelplin
1%
3 Liga Grupa 4Wiślanie Jaśkowice
1%
3 Liga Grupa 2Wda Świece
0%

Rozkład punktacji

Percentyl według liczby udzielonych odpowiedzi

Procent ludzi z każdym wynikiem

Twoja historia wyników

Nie rozwiązałeś tego quizu